000 00493nam a2200157 4500
999 _c5454
_d5454
008 161103b xxu||||| |||| 00| 0 eng d
022 _a9770118389007
082 _aDPer 641.05 F73 Mar-Jul 2013
100 _916777
_aQuirino, Elizabeth Ann
245 _aFabulous Philadelphia/
_cElizabeth Ann Quirino.
260 _aQuezon City:
_bABS CBN Publishing, Inc.,
_c©2013.
300 _apage 18;
_c30 cm.
500 _aFood.
650 0 _916785
_aTravel and Voyages
_xFood
942 _2ddc
_cPER